Top 50 Rappers of All Time (Billboard) - Statistics

General Stats
  • This quiz has been taken 263 times
  • The average score is 18 of 50
Answer Stats
Place Answer % Correct
34 Chuck D
95%
5 Eminem
90%
8 Drake
85%
6 The Notorious B.I.G.
85%
4 Tupac
85%
11 Kanye West
84%
1 JAY-Z
75%
2 Kendrick Lamar
75%
7 Lil Wayne
73%
9 Snoop Dogg
72%
40 Dr. Dre
64%
18 Ice Cube
62%
17 50 Cent
59%
3 Nas
58%
15 J. Cole
53%
10 Nicki Minaj
51%
12 André 3000
41%
35 Future
41%
13 Rakim
29%
25 Method Man
28%
30 Lauryn Hill
27%
14 LL Cool J
25%
32 T.I.
25%
39 Ludacris
24%
22 Ghostface Killah
23%
19 Missy Elliott
23%
21 DMX
21%
45 Ice-T
21%
31 Lil Kim
21%
50 Rick Ross
20%
26 Big Pun
19%
33 Busta Rhymes
18%
29 Pusha T
16%
42 Redman
16%
27 Q-Tip
15%
20 Big Daddy Kane
13%
38 Gucci Mane
13%
16 Scarface
13%
37 Common
12%
28 Black Thought
11%
46 Jadakiss
11%
44 Queen Latifah
11%
24 KRS-One
10%
48 Melle Mel
10%
41 E-40
8%
47 MC Lyte
8%
43 Bun B
7%
23 Kurtis Blow
4%
49 Rev. Run
4%
36 Yasin Bey
3%
No matching quizzes found
Score Distribution
Percent of People with Each Score
Percentile by Number Answered
Your Score History
You have not taken this quiz